[Event "Asian Continental-ch Women 2019"]
[Site "XingTai"]
[Date "2019.06.09"]
[Round "3.24"]
[White "Mendoza, Shania Mae"]
[Black "Munguntuul, Batkhuyag"]
[Result "0-1"]
[WhiteElo "2171"]
[BlackElo "2420"]
[Annotator "TA"]
[PlyCount "96"]
[EventDate "2019.06.06"]
[EventType "swiss"]
[EventCountry "CHN"]
[SourceTitle "playchess.com"]
[Source "ChessBase"]
[SourceQuality "1"]

{[%evp 9,96,6,6,-14,0,2,7,-25,16,13,27,27,25,13,25,30,22,-7,0,0,-16,-10,-8,-10,0,0,1,0,7,20,16,0,2,-25,0,-85,-79,-104,-100,-160,-156,-151,-146,-218,-186,-227,-229,-232,-228,-232,-215,-254,-244,-316,-295,-499,-487,-473,-373,-468,-326,-326,-336,-427,-406,-416,-402,-539,-428,-653,-647,-29974,-29974,-1566,-1367,-1243,-397,-373,-386,-416,-400,-892,-885,-29987,-29988,-29988,-29987,-29994,-29995]} 1. e4 c5 2. Nf3 e6 3. g3 Nc6 4. Bg2 Nf6 5. Qe2 e5 6. c3 {B40: Sicilian: 2...e6, Unusual lines} Be7 7. O-O O-O 8. Rd1 {The position is equal.} Qb6 9. Na3 d6 10. Nc4 Qa6 11. d3 Be6 12. Bg5 Rad8 13. b3 $146 {[%cal Bb2b3,Bb3b4,Bb4b5][%mdl 32]} ({Predecessor:} 13. Nfd2 h6 14. Bxf6 Bxf6 15. Ne3 {½-½ (34) Iordachescu,V (2590)-Socko,B (2623) Civitanova Marche 2015}) 13... h6 14. Bxf6 Bxf6 15. Ne3 Ne7 16. c4 g6 17. a3 {[%cal Ba2a3,Ba3a4,Ba4a5][%mdl 32]} Bg7 18. b4 b6 19. b5 Qc8 20. a4 f5 21. a5 f4 22. Nf1 (22. Nd5 $11 Nxd5 23. exd5) 22... g5 $1 $17 23. N3d2 g4 24. f3 ({Better is} 24. axb6 f3 25. Nxf3 gxf3 26. Bxf3 axb6 27. Ne3) 24... h5 $1 25. axb6 axb6 26. Ra6 {[#]} (26. Qe1 $17 {is a better defense.}) 26... Nc6 $1 $19 {[%mdl 512]} 27. Nb3 (27. bxc6 Qxa6) 27... Nb4 28. Ra7 Rd7 29. Rda1 Rdf7 30. Rxf7 Rxf7 ({Not} 30... Kxf7 31. Ra4 $17) 31. Rc1 Qf8 {Strongly threatening ...fxg3.} 32. Nfd2 $2 (32. gxf4 exf4 33. d4) 32... Bh6 33. gxf4 Rxf4 34. Kh1 Kh8 35. Rf1 Qf6 36. fxg4 hxg4 37. Kg1 Bg5 38. Nb1 Qh6 39. Nc3 (39. N1d2 $142 Bh4 40. Qe3) 39... Rxf1+ 40. Bxf1 Be3+ 41. Kh1 g3 42. Qg2 Bf4 $2 (42... Bg4 43. Nd2 Bxd2) 43. Ne2 Nxd3 {( -> ...Bh3!)} 44. Nxg3 {[#]} Bh3 $1 {[%mdl 512]} 45. Qa2 {[#]} (45. Qf3 $142 Ne1 46. Qf2 Bxg3 {[%mdl 64] Overworked Piece} 47. Qxg3 Bxf1 48. Qxe1 Bxc4 {[%mdl 64] Double Attack} 49. Nd2 Bxb5 50. Qf2) (45. Qxh3 Nf2+) 45... Bxg3 $1 46. Bxd3 Bg4 {Black mates.} 47. Qd2 Bf4 48. Qb2 {[#]} Qh3 $1 {[%mdl 512] Accuracy: White = 36%, Black = 72%.} 0-1

[Event "Asian Continental-ch Women 2019"]
[Site "XingTai"]
[Date "2019.06.09"]
[Round "3.25"]
[White "Pham, Le Thao Nguyen"]
[Black "San Diego, Marie Antoinette"]
[Result "1-0"]
[WhiteElo "2370"]
[BlackElo "2080"]
[Annotator "NA"]
[PlyCount "121"]
[EventDate "2019.06.06"]
[EventType "swiss"]
[EventCountry "CHN"]
[SourceTitle "playchess.com"]
[Source "ChessBase"]
[SourceQuality "1"]
[TimeControl "40/5400+30:1800+30"]

1. d4 {[%emt 0:03:50]} d5 {[%emt 0:00:00]} 2. Nf3 {[%emt 0:00:24]} Nf6 {[%emt 0:00:08]} 3. Bf4 {[%emt 0:00:27]} c5 {[%emt 0:00:37]} 4. e3 {[%emt 0:00:21]} Nc6 {[%emt 0:00:19]} 5. Nbd2 {[%emt 0:00:30]} cxd4 {[%emt 0:00:18]} 6. exd4 {[%emt 0:00:16]} Bf5 {[%emt 0:00:20]} 7. c3 {[%emt 0:00:48]} e6 {[%emt 0:00:58]} 8. Qb3 {[%emt 0:01:34]} Qc8 {[%emt 0:00:57]} 9. Nh4 {[%emt 0:01:26]} Bg6 {[%emt 0:01:45]} 10. Nxg6 {[%emt 0:01:46]} hxg6 {[%emt 0:00:10]} 11. h3 {[%emt 0:03:05]} Be7 {[%emt 0:06:15]} 12. Bd3 {[%emt 0:00:56]} a6 {[%emt 0:02:25]} 13. O-O {[%emt 0:07:54]} O-O {[%emt 0:01:07]} 14. a4 {[%emt 0:03:04]} Na5 {[%emt 0:08:10]} 15. Qc2 {[%emt 0:02:29]} Qd7 {[%emt 0:11:54]} 16. b4 {[%emt 0:07:02]} Nc4 {[%emt 0:09:11]} 17. Bxc4 {[%emt 0:18:22]} dxc4 {[%emt 0:00:11]} 18. Bg5 {[%emt 0:03:14]} b5 {[%emt 0:09:05]} 19. Bxf6 {[%emt 0:01:18]} gxf6 {[%emt 0:00:28]} 20. a5 {[%emt 0:05:48]} Rad8 {[%emt 0:04:14]} 21. Nf3 {[%emt 0:02:22]} Rfe8 {[%emt 0:08:00]} 22. Rfe1 {[%emt 0:01:28]} Bf8 {[%emt 0:02:16]} 23. Re2 {[%emt 0:01:22]} Bg7 {[%emt 0:00:35]} 24. Rae1 {[%emt 0:00:22]} Qd6 {[%emt 0:02:24]} 25. Qe4 {[%emt 0:02:46]} Qd5 {[%emt 0:18:08]} 26. Qh4 {[%emt 0:03:28]} Qc6 {[%emt 0:00:56]} 27. Re3 {[%emt 0:03:17]} Rd5 {[%emt 0:03:22]} 28. g4 {[%emt 0:02:30]} Red8 {[%emt 0:03:54]} 29. Re4 {[%emt 0:06:34]} Qd6 {[%emt 0:01:53]} 30. Kg2 {[%emt 0:00:41]} Rc8 {[%emt 0:03:08]} 31. Nh2 {[%emt 0:05:36]} e5 {[%emt 0:00:59]} 32. dxe5 {[%emt 0:03:33]} Rxe5 {[%emt 0:00:19]} 33. Rxe5 {[%emt 0:00:19]} fxe5 {[%emt 0:00:02]} 34. g5 {[%emt 0:00:19]} Qd5+ {[%emt 0:01:03]} 35. Re4 {[%emt 0:03:28]} Qd3 {[%emt 0:00:46]} 36. Re3 {[%emt 0:00:59]} Qd5+ {[%emt 0:00:13]} 37. Kg1 {[%emt 0:02:25]} Qd1+ {[%emt 0:00:12]} 38. Nf1 {[%emt 0:00:14]} Rd8 {[%emt 0:00:42]} 39. Kg2 {[%emt 0:00:39]} Qd5+ {[%emt 0:01:04]} 40. Kg1 {[%emt 0:00:00]} Qd1 {[%emt 0:00:00]} 41. Qe4 {[%emt 0:02:04]} Qd5 {[%emt 0:15:01]} 42. Ng3 {[%emt 0:03:00]} Qxe4 {[%emt 0:02:33]} 43. Nxe4 {[%emt 0:00:18]} f5 {[%emt 0:03:24]} 44. gxf6 {[%emt 0:02:26]} Bh6 {[%emt 0:00:11]} 45. Re2 {[%emt 0:01:43]} Kf7 {[%emt 0:00:30]} 46. Kg2 {[%emt 0:01:41]} Bf4 {[%emt 0:00:31]} 47. Re1 {[%emt 0:04:37]} Rd3 {[%emt 0:03:11]} 48. h4 {[%emt 0:01:20]} Rd8 {[%emt 0:05:06]} 49. Rh1 {[%emt 0:02:21]} Rd3 {[%emt 0:04:31]} 50. h5 {[%emt 0:01:17]} gxh5 {[%emt 0:00:22]} 51. Rxh5 {[%emt 0:00:07]} Kg6 {[%emt 0:00:44]} 52. Rh8 {[%emt 0:00:33]} Bd2 {[%emt 0:00:49]} 53. Rg8+ {[%emt 0:04:42]} Kf7 {[%emt 0:00:01]} 54. Rg3 {[%emt 0:00:29]} Rxg3+ {[%emt 0:00:52]} 55. fxg3 {[%emt 0:02:02]} Bc1 {[%emt 0:00:35]} 56. Kf3 {[%emt 0:01:09]} Kg6 {[%emt 0:00:27]} 57. Ke2 {[%emt 0:00:16]} Bh6 {[%emt 0:00:37]} 58. Nc5 {[%emt 0:01:00]} Bf8 {[%emt 0:00:26]} 59. Nxa6 {[%emt 0:00:11]} Bd6 {[%emt 0:00:10]} 60. Nc5 {[%emt 0:00:16]} Bc7 {[%emt 0:00:37]} 61. Nd7 {[%emt 0:00:50]} 1-0

[Event "Asian Continental-ch Women 2019"]
[Site "XingTai"]
[Date "2019.06.10"]
[Round "4.18"]
[White "Kulkarni Bhakti"]
[Black "Saduakassova, Dinara"]
[Result "1/2-1/2"]
[WhiteElo "2380"]
[BlackElo "2458"]
[Annotator "ChessBase"]
[PlyCount "45"]
[EventDate "2019.06.06"]
[EventType "swiss"]
[EventCountry "CHN"]
[SourceTitle "playchess.com"]
[Source "ChessBase"]
[SourceQuality "1"]
[TimeControl "40/5400+30:1800+30"]

1. d4 {[%emt 0:00:00]} Nf6 {[%emt 0:00:00]} 2. c4 {[%emt 0:00:09]} e6 {[%emt 0:00:00]} 3. g3 {[%emt 0:00:44]} d5 {[%emt 0:00:00]} 4. Bg2 {[%emt 0:00:13]} dxc4 {[%emt 0:00:00]} 5. Nf3 {[%emt 0:00:38]} a6 {[%emt 0:00:04]} 6. O-O {[%emt 0:03:47]} Nc6 {[%emt 0:00:15]} 7. e3 {[%emt 0:01:52]} Bd7 {[%emt 0:00:11]} 8. Nfd2 {[%emt 0:02:20]} Na5 {[%emt 0:10:58]} 9. b3 {[%emt 0:17:41]} cxb3 {[%emt 0:03:27]} 10. Nxb3 {[%emt 0:00:23]} Nxb3 {[%emt 0:11:59]} 11. Qxb3 {[%emt 0:00:13]} Rb8 {[%emt 0:03:41]} 12. Nc3 {[%emt 0:02:01]} Be7 {[%emt 0:09:11]} 13. e4 {[%emt 0:01:34]} O-O {[%emt 0:05:34]} 14. e5 {[%emt 0:03:39]} Nd5 {[%emt 0:01:09]} 15. Nxd5 {[%emt 0:01:56]} exd5 {[%emt 0:00:04]} 16. Bxd5 {[%emt 0:01:31]} Bc6 {[%emt 0:07:28]} 17. Bxc6 {[%emt 0:03:20]} bxc6 {[%emt 0:00:04]} 18. Qc4 {[%emt 0:08:54]} Rb4 {[%emt 0:03:51]} 19. Qxa6 {[%emt 0:01:55]} Qxd4 {[%emt 0:01:00]} 20. Be3 {[%emt 0:00:34]} Qxe5 {[%emt 0:01:57]} 21. Qxc6 {[%emt 0:00:20]} Bf6 {[%emt 0:02:41]} 22. Rab1 {[%emt 0:05:01]} Qe4 {[%emt 0:03:50]} 23. Qxe4 {[%emt 0:06:38]} 1/2-1/2

[Event "Asian Continental-ch Women 2019"]
[Site "XingTai"]
[Date "2019.06.10"]
[Round "4.19"]
[White "Sukandar, Irine Kharisma"]
[Black "Zhai, Mo"]
[Result "1-0"]
[WhiteElo "2378"]
[BlackElo "2358"]
[Annotator "NA"]
[PlyCount "101"]
[EventDate "2019.06.06"]
[EventType "swiss"]
[EventCountry "CHN"]
[SourceTitle "playchess.com"]
[Source "ChessBase"]
[SourceQuality "1"]
[TimeControl "40/5400+30:1800+30"]

1. e4 {[%emt 0:00:00]} e5 {[%emt 0:00:00]} 2. Nf3 {[%emt 0:00:09]} Nc6 {[%emt 0:00:00]} 3. Bb5 {[%emt 0:00:25]} Nf6 {[%emt 0:00:28]} 4. d3 {[%emt 0:00:24]} Bc5 {[%emt 0:00:26]} 5. c3 {[%emt 0:00:46]} O-O {[%emt 0:00:09]} 6. O-O {[%emt 0:00:26]} d6 {[%emt 0:00:15]} 7. h3 {[%emt 0:01:17]} Ne7 {[%emt 0:04:54]} 8. d4 {[%emt 0:01:31]} Bb6 {[%emt 0:00:08]} 9. Bd3 {[%emt 0:00:27]} Ng6 {[%emt 0:00:15]} 10. Re1 {[%emt 0:00:42]} c6 {[%emt 0:00:51]} 11. Nbd2 {[%emt 0:01:00]} Bc7 {[%emt 0:03:38]} 12. Nf1 {[%emt 0:01:03]} Re8 {[%emt 0:00:54]} 13. Ng3 {[%emt 0:02:31]} h6 {[%emt 0:07:39]} 14. Qc2 {[%emt 0:05:34]} Nh7 {[%emt 0:03:49]} 15. Be3 {[%emt 0:26:05]} Ng5 {[%emt 0:05:53]} 16. Nh2 {[%emt 0:02:20]} Nf4 {[%emt 0:04:45]} 17. Bf1 {[%emt 0:01:18]} Be6 {[%emt 0:08:28]} 18. Rad1 {[%emt 0:01:57]} Qf6 {[%emt 0:02:15]} 19. c4 {[%emt 0:04:25]} h5 {[%emt 0:08:58]} 20. d5 {[%emt 0:10:01]} Bd7 {[%emt 0:00:41]} 21. Qc3 {[%emt 0:05:13]} cxd5 {[%emt 0:10:46]} 22. exd5 {[%emt 0:02:42]} h4 {[%emt 0:03:29]} 23. Ne2 {[%emt 0:07:50]} Qg6 {[%emt 0:11:50]} 24. Kh1 {[%emt 0:03:49]} Ne4 {[%emt 0:01:25]} 25. Qa3 {[%emt 0:01:11]} Bb6 {[%emt 0:09:54]} 26. Nxf4 {[%emt 0:01:31]} exf4 {[%emt 0:00:11]} 27. Bxb6 {[%emt 0:00:13]} axb6 {[%emt 0:00:08]} 28. Qf3 {[%emt 0:00:19]} Rxa2 {[%emt 0:00:18]} 29. Bd3 {[%emt 0:00:36]} Bf5 {[%emt 0:04:12]} 30. Re2 {[%emt 0:02:05]} Raa8 {[%emt 0:05:06]} 31. Qxf4 {[%emt 0:03:17]} Ng3+ {[%emt 0:00:41]} 32. fxg3 {[%emt 0:00:22]} Bxd3 {[%emt 0:00:01]} 33. Rxe8+ {[%emt 0:02:25]} Rxe8 {[%emt 0:00:02]} 34. Qxh4 {[%emt 0:00:49]} Re4 {[%emt 0:03:35]} 35. Qd8+ {[%emt 0:00:46]} Kh7 {[%emt 0:00:01]} 36. Nf3 {[%emt 0:01:38]} Rxc4 {[%emt 0:00:19]} 37. Ng5+ {[%emt 0:01:34]} Kh6 {[%emt 0:00:01]} 38. h4 {[%emt 0:00:47]} Kh5 {[%emt 0:00:02]} 39. Nh3 {[%emt 0:01:53]} f6 {[%emt 0:02:25]} 40. Qh8+ {[%emt 0:00:00]} Kg4 {[%emt 0:00:00]} 41. Rxd3 {[%emt 0:20:05]} Qxd3 {[%emt 0:01:46]} 42. Nf2+ {[%emt 0:04:45]} Kxg3 {[%emt 0:00:07]} 43. Nxd3 {[%emt 0:00:04]} Rxh4+ {[%emt 0:00:09]} 44. Qxh4+ {[%emt 0:00:04]} Kxh4 {[%emt 0:00:04]} 45. Nf2 {[%emt 0:00:25]} Kg3 {[%emt 0:01:17]} 46. Ne4+ {[%emt 0:00:09]} Kf4 {[%emt 0:00:03]} 47. Nxd6 {[%emt 0:00:18]} Ke5 {[%emt 0:00:06]} 48. Ne8 {[%emt 0:00:27]} Kxd5 {[%emt 0:00:18]} 49. Nxg7 {[%emt 0:00:05]} b5 {[%emt 0:01:06]} 50. Nh5 {[%emt 0:02:01]} f5 {[%emt 0:01:05]} 51. Ng3 {[%emt 0:00:04]} 1-0

[Event "Asian Continental-ch Women 2019"]
[Site "XingTai"]
[Date "2019.06.10"]
[Round "4.20"]
[White "Munguntuul, Batkhuyag"]
[Black "Kurbonboeva, Sarvinoz"]
[Result "0-1"]
[WhiteElo "2420"]
[BlackElo "2259"]
[Annotator "NA"]
[PlyCount "140"]
[EventDate "2019.06.06"]
[EventType "swiss"]
[EventCountry "CHN"]
[SourceTitle "playchess.com"]
[Source "ChessBase"]
[SourceQuality "1"]
[TimeControl "40/5400+30:1800+30"]

1. e4 {[%emt 0:00:00]} c5 {[%emt 0:00:00]} 2. Nf3 {[%emt 0:00:00]} d6 {[%emt 0:00:00]} 3. d4 {[%emt 0:00:00]} cxd4 {[%emt 0:00:00]} 4. Nxd4 {[%emt 0:00:00]} Nf6 {[%emt 0:00:08]} 5. Nc3 {[%emt 0:00:00]} Nc6 {[%emt 0:00:10]} 6. Be3 {[%emt 0:04:29]} Ng4 {[%emt 0:01:01]} 7. Bc1 {[%emt 0:02:13]} Qb6 {[%emt 0:04:43]} 8. Bb5 {[%emt 0:09:19]} e5 {[%emt 0:25:48]} 9. Nd5 {[%emt 0:27:16]} Qxd4 {[%emt 0:00:08]} 10. Qxd4 {[%emt 0:00:15]} exd4 {[%emt 0:00:06]} 11. Nc7+ {[%emt 0:00:08]} Kd8 {[%emt 0:16:42]} 12. Nxa8 {[%emt 0:00:18]} Bd7 {[%emt 0:00:06]} 13. Bf4 {[%emt 0:09:33]} Kc8 {[%emt 0:06:10]} 14. Rd1 {[%emt 0:01:32]} Nge5 {[%emt 0:02:34]} 15. O-O {[%emt 0:22:24]} Kb8 {[%emt 0:02:45]} 16. c3 {[%emt 0:01:15]} dxc3 {[%emt 0:05:48]} 17. bxc3 {[%emt 0:00:03]} Kxa8 {[%emt 0:05:09]} 18. Bxc6 {[%emt 0:01:04]} Nxc6 {[%emt 0:00:08]} 19. Bxd6 {[%emt 0:00:53]} Bxd6 {[%emt 0:00:31]} 20. Rxd6 {[%emt 0:00:03]} Be6 {[%emt 0:00:44]} 21. a3 {[%emt 0:00:04]} Kb8 {[%emt 0:03:31]} 22. f4 {[%emt 0:01:59]} Kc7 {[%emt 0:00:51]} 23. Rfd1 {[%emt 0:00:51]} g6 {[%emt 0:00:10]} 24. Kf2 {[%emt 0:00:34]} b6 {[%emt 0:02:55]} 25. Kf3 {[%emt 0:02:30]} h5 {[%emt 0:00:26]} 26. h3 {[%emt 0:00:02]} Na5 {[%emt 0:01:20]} 27. R6d4 {[%emt 0:00:55]} Nb3 {[%emt 0:01:22]} 28. Rd6 {[%emt 0:00:08]} Nc5 {[%emt 0:00:17]} 29. R6d4 {[%emt 0:00:39]} Bd7 {[%emt 0:02:11]} 30. e5 {[%emt 0:04:59]} Ba4 {[%emt 0:02:39]} 31. Rg1 {[%emt 0:01:42]} Bc6+ {[%emt 0:02:20]} 32. Ke3 {[%emt 0:00:04]} h4 {[%emt 0:00:11]} 33. Rd6 {[%emt 0:00:50]} Ne6 {[%emt 0:00:19]} 34. Rgd1 {[%emt 0:02:06]} Rh5 {[%emt 0:01:32]} 35. R6d2 {[%emt 0:05:14]} Rf5 {[%emt 0:01:09]} 36. Rf2 {[%emt 0:00:02]} g5 {[%emt 0:00:52]} 37. fxg5 {[%emt 0:00:07]} Rxe5+ {[%emt 0:00:06]} 38. Kd2 {[%emt 0:00:23]} Nxg5 {[%emt 0:00:10]} 39. Kc1 {[%emt 0:00:23]} Bd5 {[%emt 0:07:10]} 40. Rd4 {[%emt 0:00:00]} Ne4 {[%emt 0:00:00]} 41. Re2 {[%emt 0:08:54]} f5 {[%emt 0:01:47]} 42. Re3 {[%emt 0:01:35]} Kc6 {[%emt 0:02:28]} 43. Kb2 {[%emt 0:00:17]} Kc5 {[%emt 0:05:22]} 44. Rf3 {[%emt 0:03:51]} Nd6 {[%emt 0:04:35]} 45. Rf2 {[%emt 0:02:31]} Nc4+ {[%emt 0:02:23]} 46. Kc1 {[%emt 0:00:53]} Re3 {[%emt 0:07:02]} 47. Rxh4 {[%emt 0:08:35]} Be4 {[%emt 0:00:09]} 48. Kd1 {[%emt 0:00:28]} Rxc3 {[%emt 0:01:18]} 49. Rh7 {[%emt 0:01:32]} Bd3 {[%emt 0:05:15]} 50. Rf3 {[%emt 0:06:23]} Rxa3 {[%emt 0:08:01]} 51. Ke1 {[%emt 0:02:18]} Ra1+ {[%emt 0:00:27]} 52. Kf2 {[%emt 0:00:02]} Be4 {[%emt 0:00:41]} 53. Rg3 {[%emt 0:01:18]} Ne5 {[%emt 0:00:40]} 54. Rgg7 {[%emt 0:01:20]} a5 {[%emt 0:00:42]} 55. h4 {[%emt 0:01:17]} Ra2+ {[%emt 0:01:32]} 56. Ke3 {[%emt 0:00:32]} Kd5 {[%emt 0:01:29]} 57. Rh5 {[%emt 0:01:11]} a4 {[%emt 0:01:02]} 58. g4 {[%emt 0:00:25]} Nc4+ {[%emt 0:00:27]} 59. Kf4 {[%emt 0:00:01]} Rf2+ {[%emt 0:00:13]} 60. Kg5 {[%emt 0:00:17]} a3 {[%emt 0:00:36]} 61. Ra7 {[%emt 0:00:32]} a2 {[%emt 0:00:51]} 62. Ra4 {[%emt 0:01:33]} b5 {[%emt 0:00:06]} 63. Rxa2 {[%emt 0:00:26]} Rxa2 {[%emt 0:00:05]} 64. gxf5 {[%emt 0:00:04]} Ke5 {[%emt 0:01:03]} 65. f6 {[%emt 0:00:14]} Rg2+ {[%emt 0:00:36]} 66. Kh6+ {[%emt 0:00:01]} Kxf6 {[%emt 0:00:10]} 67. Rxb5 {[%emt 0:00:13]} Rg6+ {[%emt 0:00:09]} 68. Kh7 {[%emt 0:00:26]} Rg5+ {[%emt 0:00:13]} 69. Kh6 {[%emt 0:00:01]} Rxb5 {[%emt 0:00:09]} 70. h5 {[%emt 0:00:03]} Kf5 {[%emt 0:00:11]} 0-1

[Event "Asian Continental-ch Women 2019"]
[Site "XingTai"]
[Date "2019.06.10"]
[Round "4.21"]
[White "Li, Xueyi"]
[Black "Munkhzul, Turmunkh"]
[Result "1-0"]
[WhiteElo "2305"]
[BlackElo "2371"]
[Annotator "NA"]
[PlyCount "117"]
[EventDate "2019.06.06"]
[EventType "swiss"]
[EventCountry "CHN"]
[SourceTitle "playchess.com"]
[Source "ChessBase"]
[SourceQuality "1"]
[TimeControl "40/5400+30:1800+30"]

1. d4 {[%emt 0:00:00]} Nf6 {[%emt 0:00:00]} 2. c4 {[%emt 0:00:01]} g6 {[%emt 0:00:06]} 3. Nc3 {[%emt 0:00:30]} Bg7 {[%emt 0:00:21]} 4. Nf3 {[%emt 0:00:32]} O-O {[%emt 0:00:31]} 5. g3 {[%emt 0:00:14]} d6 {[%emt 0:00:59]} 6. Bg2 {[%emt 0:03:23]} c6 {[%emt 0:00:46]} 7. O-O {[%emt 0:00:16]} Bf5 {[%emt 0:00:36]} 8. Re1 {[%emt 0:00:39]} Ne4 {[%emt 0:00:29]} 9. Qb3 {[%emt 0:00:09]} Qb6 {[%emt 0:02:44]} 10. Nh4 {[%emt 0:00:49]} Nxc3 {[%emt 0:09:50]} 11. Nxf5 {[%emt 0:03:37]} gxf5 {[%emt 0:08:21]} 12. bxc3 {[%emt 0:00:10]} Qxb3 {[%emt 0:01:22]} 13. axb3 {[%emt 0:00:10]} Nd7 {[%emt 0:02:26]} 14. Ba3 {[%emt 0:04:49]} Rfd8 {[%emt 0:09:09]} 15. e3 {[%emt 0:15:08]} Nf6 {[%emt 0:05:21]} 16. b4 {[%emt 0:03:31]} Ne4 {[%emt 0:01:32]} 17. g4 {[%emt 0:11:56]} Nd2 {[%emt 0:04:23]} 18. gxf5 {[%emt 0:00:24]} Nxc4 {[%emt 0:01:00]} 19. Bc1 {[%emt 0:01:40]} d5 {[%emt 0:03:46]} 20. f3 {[%emt 0:01:32]} Kh8 {[%emt 0:01:49]} 21. e4 {[%emt 0:02:37]} dxe4 {[%emt 0:08:34]} 22. Bf1 {[%emt 0:09:34]} Nb6 {[%emt 0:11:57]} 23. fxe4 {[%emt 0:01:00]} Rg8 {[%emt 0:03:35]} 24. Kh1 {[%emt 0:00:36]} Bf6 {[%emt 0:02:38]} 25. Bd3 {[%emt 0:00:58]} Bh4 {[%emt 0:00:51]} 26. Rf1 {[%emt 0:00:52]} Rg4 {[%emt 0:02:37]} 27. Be3 {[%emt 0:03:22]} Nd7 {[%emt 0:02:48]} 28. e5 {[%emt 0:09:58]} a6 {[%emt 0:02:08]} 29. Rg1 {[%emt 0:11:12]} Rag8 {[%emt 0:01:20]} 30. Rxg4 {[%emt 0:00:45]} Rxg4 {[%emt 0:00:06]} 31. c4 {[%emt 0:01:25]} Rg8 {[%emt 0:06:37]} 32. Be2 {[%emt 0:03:05]} Rd8 {[%emt 0:01:48]} 33. Kg2 {[%emt 0:00:30]} f6 {[%emt 0:01:00]} 34. e6 {[%emt 0:00:26]} Nf8 {[%emt 0:00:56]} 35. Kf3 {[%emt 0:01:57]} Bg5 {[%emt 0:00:32]} 36. Rg1 {[%emt 0:04:04]} h6 {[%emt 0:01:41]} 37. Rg4 {[%emt 0:01:00]} a5 {[%emt 0:01:27]} 38. bxa5 {[%emt 0:01:10]} Ra8 {[%emt 0:00:22]} 39. h4 {[%emt 0:00:10]} Bxe3 {[%emt 0:00:13]} 40. Kxe3 {[%emt 0:00:00]} Rxa5 {[%emt 0:00:00]} 41. Bd3 {[%emt 0:00:45]} b6 {[%emt 0:11:44]} 42. Rg1 {[%emt 0:00:55]} b5 {[%emt 0:01:37]} 43. cxb5 {[%emt 0:00:33]} cxb5 {[%emt 0:00:05]} 44. Rb1 {[%emt 0:00:05]} Ra6 {[%emt 0:02:47]} 45. d5 {[%emt 0:00:10]} Kg7 {[%emt 0:01:20]} 46. Rxb5 {[%emt 0:00:14]} Ra7 {[%emt 0:00:05]} 47. Rb8 {[%emt 0:01:19]} Rc7 {[%emt 0:00:21]} 48. Re8 {[%emt 0:00:20]} Nh7 {[%emt 0:02:28]} 49. Bb5 {[%emt 0:00:40]} h5 {[%emt 0:00:51]} 50. Bd7 {[%emt 0:00:11]} Nf8 {[%emt 0:00:17]} 51. Rxe7+ {[%emt 0:00:13]} Kh6 {[%emt 0:00:05]} 52. Re8 {[%emt 0:02:12]} Nxd7 {[%emt 0:01:06]} 53. d6 {[%emt 0:02:21]} Ra7 {[%emt 0:01:52]} 54. e7 {[%emt 0:03:42]} Kg7 {[%emt 0:02:44]} 55. Rd8 {[%emt 0:01:19]} Ra5 {[%emt 0:03:00]} 56. e8=Q {[%emt 0:00:25]} Re5+ {[%emt 0:00:07]} 57. Qxe5 {[%emt 0:00:16]} Nxe5 {[%emt 0:00:05]} 58. d7 {[%emt 0:00:32]} Nf7 {[%emt 0:00:34]} 59. Re8 {[%emt 0:00:20]} 1-0

[Event "Asian Continental-ch Women 2019"]
[Site "XingTai"]
[Date "2019.06.10"]
[Round "4.22"]
[White "Karavade, Eesha"]
[Black "Hoang, Thi Bao Tram"]
[Result "1/2-1/2"]
[WhiteElo "2370"]
[BlackElo "2293"]
[Annotator "NA"]
[PlyCount "55"]
[EventDate "2019.06.06"]
[EventType "swiss"]
[EventCountry "CHN"]
[SourceTitle "playchess.com"]
[Source "ChessBase"]
[SourceQuality "1"]
[TimeControl "40/5400+30:1800+30"]

1. d4 {[%emt 0:00:00]} d5 {[%emt 0:00:00]} 2. c4 {[%emt 0:00:16]} c6 {[%emt 0:00:29]} 3. cxd5 {[%emt 0:01:13]} cxd5 {[%emt 0:00:24]} 4. Bf4 {[%emt 0:00:08]} Nc6 {[%emt 0:01:50]} 5. e3 {[%emt 0:00:08]} Nf6 {[%emt 0:00:24]} 6. Nc3 {[%emt 0:00:09]} e6 {[%emt 0:05:21]} 7. Bd3 {[%emt 0:12:27]} Bd6 {[%emt 0:06:11]} 8. Bxd6 {[%emt 0:00:52]} Qxd6 {[%emt 0:00:15]} 9. Nf3 {[%emt 0:00:08]} O-O {[%emt 0:00:51]} 10. O-O {[%emt 0:00:05]} Bd7 {[%emt 0:00:53]} 11. Qe2 {[%emt 0:03:48]} Rac8 {[%emt 0:00:35]} 12. Rfc1 {[%emt 0:00:38]} Rfe8 {[%emt 0:02:21]} 13. h3 {[%emt 0:04:34]} a6 {[%emt 0:00:54]} 14. Qd1 {[%emt 0:00:56]} Rc7 {[%emt 0:05:23]} 15. Na4 {[%emt 0:08:53]} Nb4 {[%emt 0:03:18]} 16. Rxc7 {[%emt 0:07:37]} Qxc7 {[%emt 0:00:15]} 17. Nc5 {[%emt 0:04:04]} Nxd3 {[%emt 0:08:44]} 18. Nxd3 {[%emt 0:03:07]} b6 {[%emt 0:02:29]} 19. Rc1 {[%emt 0:00:45]} Qb7 {[%emt 0:00:11]} 20. Qb3 {[%emt 0:03:37]} Rc8 {[%emt 0:01:31]} 21. Rxc8+ {[%emt 0:06:05]} Bxc8 {[%emt 0:00:12]} 22. Qc2 {[%emt 0:00:11]} Bd7 {[%emt 0:00:59]} 23. Nde5 {[%emt 0:04:30]} Be8 {[%emt 0:03:36]} 24. Nd2 {[%emt 0:02:18]} Nd7 {[%emt 0:04:27]} 25. Nxd7 {[%emt 0:05:23]} Bxd7 {[%emt 0:01:09]} 26. h4 {[%emt 0:01:03]} Qc6 {[%emt 0:00:44]} 27. Qxc6 {[%emt 0:00:40]} Bxc6 {[%emt 0:00:11]} 28. Kh2 {[%emt 0:02:09]} 1/2-1/2

[Event "Asian Continental-ch Women 2019"]
[Site "XingTai"]
[Date "2019.06.10"]
[Round "4.23"]
[White "Vo, Thi Kim Phung"]
[Black "Pham, Le Thao Nguyen"]
[Result "1/2-1/2"]
[WhiteElo "2337"]
[BlackElo "2370"]
[Annotator "NA"]
[PlyCount "30"]
[EventDate "2019.06.06"]
[EventType "swiss"]
[EventCountry "CHN"]
[SourceTitle "playchess.com"]
[Source "ChessBase"]
[SourceQuality "1"]
[TimeControl "40/5400+30:1800+30"]

1. d4 {[%emt 0:00:00]} Nf6 {[%emt 0:00:00]} 2. Nf3 {[%emt 0:00:00]} e6 {[%emt 0:00:05]} 3. c4 {[%emt 0:00:04]} Bb4+ {[%emt 0:00:25]} 4. Bd2 {[%emt 0:00:12]} Qe7 {[%emt 0:00:46]} 5. e3 {[%emt 0:01:05]} b6 {[%emt 0:01:22]} 6. Bd3 {[%emt 0:01:44]} Bb7 {[%emt 0:02:01]} 7. O-O {[%emt 0:00:23]} O-O {[%emt 0:02:07]} 8. Nc3 {[%emt 0:01:08]} d6 {[%emt 0:03:50]} 9. Qc2 {[%emt 0:07:17]} Nbd7 {[%emt 0:12:24]} 10. Rfe1 {[%emt 0:06:25]} c5 {[%emt 0:08:22]} 11. a3 {[%emt 0:04:53]} Bxc3 {[%emt 0:01:00]} 12. Bxc3 {[%emt 0:00:26]} e5 {[%emt 0:01:55]} 13. dxe5 {[%emt 0:03:56]} dxe5 {[%emt 0:00:42]} 14. e4 {[%emt 0:02:06]} Ne8 {[%emt 0:04:41]} 15. Rad1 {[%emt 0:04:03]} Nc7 {[%emt 0:02:41]} 1/2-1/2